Constitución de la nación argentina /,

Guardado en:
Autor Principal: Argentina Constitución
Formato: Libro
Publicado: Buenos Aires : Consejo Superior del colegio de Abogados de la Pcia. Bs. As., 0
Materias:
Etiquetas: Agregar Etiqueta
Sin Etiquetas, Sea el primero en etiquetar este registro!
LEADER 00510nam a22001575a 4500
001 CEM.cems015670
005 20130506170006.0
008 130507b######################000#0#####d
003 CEMS
082 0 4 |a 342.82 
100 1 |a Argentina Constitución 
245 1 0 |a Constitución de la nación argentina /, 
260 |a Buenos Aires :  |b Consejo Superior del colegio de Abogados de la Pcia. Bs. As., 0 
300 |a 51 p. 
653 |a Argentina-constitución 
859 |a CEMS  |b BIB. CEMS - Agricultura  |h 342.82  |i Ar37  |p A17291.93  |t Ej.1